Metódy určovania najlepšieho nasledujúceho pohľadu priemyselného robota v procese mapovania neznámeho prostredia

Salvato in:
Dettagli Bibliografici
Autore principale: Shults, Artur (Autore)
Altri autori: Dobiš, Michal (Relatore della tesi)
Natura: Manoscritto Libro
Lingua:slovacco
Pubblicazione: Bratislava : STU v Bratislave FEI, 2021
Soggetti:
Accesso online:https://opac.crzp.sk/?fn=detailBiblioForm&sid=38F43C5054BC4F7F2EBCC3F31F28&seo=CRZP-detail-kniha
Tags: Aggiungi Tag
Nessun Tag, puoi essere il primo ad aggiungerne!!

MARC

LEADER 00000ntm a22000003a 4500
001 stuzp82599
003 SK-STU
005 20211110123231.1
007 ta
008 150427s2015----xo-----f-mn---000-0-slo-d
040 |a STU  |b slo 
041 0 |a slo 
044 |a xo 
100 1 |a Shults, Artur  |u 031000  |4 aut  |U FEI Fakulta elektrotechniky a informatiky  |T FEI Ústav robotiky a kybernetiky  |X 87902  |U E011  |Y 356  |7 87902 
242 0 1 |a View Planning Methods for Industrial Robot in the Process of the Unknown Environment Mapping  |y eng 
245 1 0 |a Metódy určovania najlepšieho nasledujúceho pohľadu priemyselného robota v procese mapovania neznámeho prostredia 
260 |a Bratislava :  |b STU v Bratislave FEI,  |c 2021 
300 |a 37 s. 
650 4 |a ROS  |2 slo 
650 4 |a View Planning  |2 slo 
650 4 |a Gazebo  |2 slo 
650 4 |a ROS  |2 eng 
650 4 |a Gazebo  |2 eng 
650 4 |a View Planning  |2 eng 
700 1 |a Dobiš, Michal  |u 031000  |k Z3  |4 ths  |U FEI Fakulta elektrotechniky a informatiky  |T FEI Ústav robotiky a kybernetiky  |X 72487  |U E011  |Y 356  |7 72487 
856 4 |u https://opac.crzp.sk/?fn=detailBiblioForm&sid=38F43C5054BC4F7F2EBCC3F31F28&seo=CRZP-detail-kniha